Obálka Náhled e-knihy:
PDF Epub
Pro půjčování e-knih musíte být přihlášeni.
Jak si půjčit online?

Zrádce /

Závěrečný díl drsné a nelítostné trilogie Úmluva oceli.

Uloženo v:
Série:Úmluva oceli, část 3
Hlavní autor: Ryan, Anthony, 1970- (Autor)
Další autoři: Jeník, Tomáš, 1978- (Autor)
Médium: E-kniha
Jazyk:Czech
Vydáno: Brno : Host, 2025
Vydání:První vydání
Témata:
Příbuzné jednotky:Z cyklu:: Úmluva oceli
Tagy:
Žádné tagy
LEADER 02578nam a2200445 i 4500
001 312849
003 CZ PrSKC
005 20260601215729.0
007 ta
008 251106s2025 xr g 000 f cze
015 |a cnb003711131 
020 |a 9788027526277  |q (vázáno) 
035 |a (OCoLC)1578133958 
040 |a ABG001  |b cze  |e rda 
041 1 |a cze  |h eng 
072 7 |a 821.111-3  |x Anglická próza, anglicky psaná  |2 Konspekt 
080 |a 821.111(410.5)-31  |2 MRF 
080 |a (0:82-312.9)  |2 MRF 
100 1 |a Ryan, Anthony,  |d 1970-  |7 jo2014823145  |4 aut 
240 1 0 |a Traitor.  |l Česky 
245 1 0 |a Zrádce /  |c Anthony Ryan ; přeložil Tomáš Jeník 
250 |a První vydání 
264 1 |a Brno :  |b Host,  |c 2025 
300 |a 589 stran ;  |c 22 cm 
336 |a text  |b txt  |2 rdacontent 
337 |a bez média  |b n  |2 rdamedia 
338 |a svazek  |b nc  |2 rdacarrier 
500 |a Přeloženo z angličtiny 
520 2 |a Závěrečný díl drsné a nelítostné trilogie Úmluva oceli.  |b Alwyna Písaře čeká rozhodující bitva a těžká volba mezi loajalitou a svědomím. Alwyn urazil velký kus cesty. Narodil se jako levoboček v bordelu a nikdy nepoznal vlastního otce, vyrostl v lese mezi zbojníky a nyní je rytířem a nejbližším rádcem lady Evadine Courlainové. Společně vybojovali již bezpočet bitev a pomohli obnovit řád v roztříštěném království. Jenže Evadine už není tou ženou, kterou Alwyn znal. Puritánská zuřivost v ní čím dál častěji nahrazuje laskavou víru a Alwyn začíná pochybovat o jejích skutečných motivech. Schyluje se k poslední, rozhodující bitvě a Alwynovo svědomí svádí lítý boj s jeho srdcem. Teď se bude muset doopravdy rozhodnout, na čí straně stojí. Nakladatelská anotace. 
655 7 |a skotské romány (anglicky)  |7 fd133439  |2 czenas 
655 7 |a fantasy romány  |7 fd184199  |2 czenas 
655 9 |a Scottish fiction (English)  |2 eczenas 
655 9 |a fantasy novels  |2 eczenas 
700 1 |a Jeník, Tomáš,  |d 1978-  |7 jn20001005248  |4 trl 
787 0 8 |i Z cyklu:  |t Úmluva oceli  |g 3 
900 |a ABA001  |b 20 
044 |a xr 
910 |a RBIT002 
998 |d 423202  |a https://core.palmknihy.cz/api/books/423202/cover?t4fiwq  |b https://core.palmknihy.cz/api/books/423202/cover/400?t4fiwq  |c https://core.palmknihy.cz/api/books/423202/cover/50?t4fiwq  |e 2029-02-28  |g 591  |i 9788027526277  |j https://core.palmknihy.cz/api/books/423202/preview.epub  |k https://core.palmknihy.cz/api/books/423202/preview.pdf  |l   |q 49  |r 1  |s https://www.palmknihy.cz/kniha/423202  |t ebook  |y 2025  |z 0  |v Úmluva oceli  |w 3 
999 |d 312847